Eternels Espoirs - Statistiques

Statistiques générales
  • Ce quiz a été pris 43 fois
  • Le résultat moyen est 4 sur 25
Statistiques - réponses
Club Emblématique Réponse % Correct
Bordeaux 2008-2010 Gourcuff
90%
OGC Nice 2015-2016 Ben Arfa
49%
FC Barcelone 2006-2011 Bojan
49%
Manchester City 2010-2013 Balotelli
23%
PSG 2016-2020 Jesé
21%
AC Milan 2014-2018 Mastour
21%
PSG 2011-2014 Menez
18%
RC Lens 2020- Kakuta
15%
AC Milan 2008-2013 Pato
15%
DC United 2004-2006 Adu
13%
Sochaux 2002-2012 Marvin Martin
10%
FC Porto 2004-2008 Quaresma
10%
Inter Milan 2001-2009 Adriano
8%
Manchester United 2007-2015 Anderson
8%
Dortmund 2016-2017 Emre Mor
8%
Chelsea FC 2012-2016 Oscar
8%
Arsenal 2005-2014 Bendtner
5%
Real Madrid 2007-2012 Drenthe
5%
Liverpool 2002-2008 Le Tallec
5%
AC Milan 2011-2016 El Shaarawy
3%
Marseille 2013-2015 Imbula
3%
FC Barcelone 2014-2017 Mathieu
3%
Everton 2012-2019 Mirallas
3%
Dortmund 1990-1995 Povlsen
3%
FC Barcelone 2009-2014 Keirrison
0%
Aucun quiz correspondant
Distribution des résultats
% des personnes avec chaque résultat
Percentile par nombre de réponses
Votre historique - résultats
Vous n’avez pas pris ce quiz